Revista de la Universidad de Yucatán : enero-febrero de 1968 /
Enregistré dans:
| Autres auteurs: | |
|---|---|
| Format: | Livre |
| Langue: | espagnol |
| Publié: |
Mérida, México :
Universidad de Yucatán,
1968
|
| Sujets: | |
| Tags: |
Pas de tags, Soyez le premier à ajouter un tag!
|
MARC
| LEADER | 00000nam^a2200000^a^4500 | ||
|---|---|---|---|
| 001 | 000131625 | ||
| 005 | 20250521000000.0 | ||
| 009 | 20260310095030.209 | ||
| 037 | |a Acervo ITESO - Biblioteca | ||
| 041 | |a ESP | ||
| 082 | |a 050. |b YUC 1968 V. 55 T. 10 | ||
| 240 | 1 | 1 | |a [Revista de la Universidad de Yucatán] |
| 245 | 0 | 0 | |a Revista de la Universidad de Yucatán : |b enero-febrero de 1968 / |c Dir. de C. Menéndez Díaz. |
| 264 | 1 | |a Mérida, México : |b Universidad de Yucatán, |c 1968 | |
| 300 | |a 142 p. | ||
| 336 | |a texto |b txt |2 rdacontenido | ||
| 337 | |a sin mediación |b n |2 rdamedio | ||
| 338 | |a volumen |b nc |2 rdasoporte | ||
| 649 | |a XX | ||
| 650 | |a Publicaciones Periódicas Mexicanas | ||
| 650 | |a Universidad de Yucatán - |x Publicaciones Periódicas | ||
| 650 | |a Planeación Educativa - |z Yucatán | ||
| 650 | |a Medicina - |z Yucatán - |x Estudio y Enseñanza | ||
| 650 | |a Folklore - |z Yucatán | ||
| 650 | |a Lingüística | ||
| 650 | |a Educación - |z México - |x Historia - |y República Liberal, 1867-1911 | ||
| 650 | |a Política - |z México - |x Historia - |y Siglo XX | ||
| 650 | |a Políticos Mexicanos - |x Homenajes | ||
| 650 | |a Abogados Mexicanos - |x Homenajes | ||
| 650 | |a Rendón Alcocer, Serapio | ||
| 700 | |a Menéndez Díaz, Conrado |e (dirección) | ||
| 910 | |a Fondo Salvador Reynoso Reynoso | ||
| 920 | |a Impresos - Libros | ||
| 930 | |a Fondos Especiales | ||
| 905 | |a 112 | ||
| 901 | |a 0800012233 |b IT2 |c ESP |u 20250521 | ||
| 902 | |a https://opac.biblio.iteso.mx/vufind/Record/000131625 | ||